LEADER 01342nam a2200301 i 4500 001 991001463849707536 008 111104s2008 nyua b 001 0 eng d 020 $a9780521865715 035 $ab14018597-39ule_inst 040 $aDip.to Ingegneria dell'Innovazione$beng 082 0 $a025.04$222 100 1 $aManning, Christopher D.$0145196 245 10$aIntroduction to information retrieval /$cChristopher D. Manning, Prabhakar Raghavan, Hinrich Schutze 260 $aNew York :$bCambridge University Press,$c2008 300 $axxi, 482 p. :$bill. ;$c27 cm 504 $aIncludes bibliographical references and index 650 0$aText processing (Computer science) 650 0$aInformation retrieval 650 0$aSemantic Web 700 1 $aRaghavan, Prabhakar$eauthor$4http://id.loc.gov/vocabulary/relators/aut$0556725 700 1 $aSchutze, Hinrich 856 41$zTable of contents only$uhttp://catdir.loc.gov/catdir/enhancements/fy0810/2008001257-t.html 907 $a.b14018597$b28-01-14$c04-11-11 912 $a991001463849707536 945 $aLE026 025.04 MAN 01.01 2008$g1$i2026000059617$lle026$nCambridge University Press / Dono$og$pE32.29$q-$rl$s- $t4$u1$v0$w1$x0$y.i15342232$z04-11-11 996 $aIntroduction to information retrieval$91441865 997 $aUNISALENTO 998 $ale026$b04-11-11$cm$da $e-$feng$gnyu$h0$i0 LEADER 00954nam0-2200301 --450 001 9910731800703321 005 20230710124952.0 010 $a978-88-569-0872-5 100 $a20230710d2022----kmuy0itay5050 ba 101 0 $aita 102 $aIT 105 $aa ac 001yy 200 1 $a<>grande albergo degli scienziati$ecentocinquanta anni della Stazione zoologica Anton Dohrn$fPiero Antonio Toma$gprefazione di Domenico De Masi 210 $aNapoli$cArte'm$d2022 215 $a183 p.$cill.$d24 cm 610 0 $aDohrn, Anton 610 0 $aStazione zoologica Anton Dohrn$aStoria 676 $a590.92 700 1$aToma,$bPiero Antonio$032940 702 1$aDe Masi,$bDomenico 801 0$aIT$bUNINA$gREICAT$2UNIMARC 901 $aBK 912 $a9910731800703321 952 $aSEZ.NA B 3995$b423/2023$fFARBC 952 $aSEZ.NA B 3996$b424/2023$fFARBC 959 $aFARBC 996 $aGrande albergo degli scienziati$93395120 997 $aUNINA